[Event "6th OHRA Open"]
[Site "Amsterdam NED"]
[Date "1987.08.13"]
[Round "9"]
[White "Winants, Luc"]
[Black "Riemersma, Liafbern"]
[Result "1/2-1/2"]
[WhiteElo "2440"]
[BlackElo "2345"]
[EventDate "1987.08.03"]
[PlyCount "61"]

1.d4 Nf6 2.Nf3 g6 3.c4 Bg7 4.Nc3 O-O 5.e4 d6 6.Be2 e5 7.O-O Nc6 8.d5 Ne7 
9.Nd2 a5 10.Rb1 Nd7 11.a3 f5 12.b4 b6 13.f3 Kh8 14.bxa5 Rxa5 15.Nb3 Ra8 
16.a4 Ng8 17.Ra1 Ndf6 18.a5 bxa5 19.Rxa5 Rxa5 20.Nxa5 Bd7 21.Be3 Bh6 22.
Bxh6 Nxh6 23.Qd2 Kg7 24.c5 Qb8 25.Nc4 Qa7 26.Qe3 fxe4 27.c6 Qxe3+ 28.Nxe3 
exf3 29.gxf3 Nf5 30.Ng4 Bc8 31.Ra1 1/2-1/2

[Event "6th OHRA Open"]
[Site "Amsterdam NED"]
[Date "1987.08.13"]
[Round "9"]
[White "Gutman, Lev"]
[Black "Farago, Ivan"]
[Result "0-1"]
[WhiteElo "2475"]
[BlackElo "2475"]
[EventDate "1987.08.03"]
[PlyCount "78"]

1.Nf3 Nf6 2.g3 d5 3.Bg2 c6 4.O-O Bg4 5.Ne5 Bh5 6.d4 e6 7.c4 Nfd7 8.Nc3 
Nxe5 9.dxe5 Nd7 10.cxd5 cxd5 11.Be3 Nxe5 12.Qb3 Bd6 13.f4 Nc4 14.Qb5+ Qd7 
15.Qxd7+ Kxd7 16.Bd4 f5 17.b3 Na3 18.Rac1 Rhc8 19.Bxg7 Rc7 20.Na4 Rac8 21.
Rxc7+ Rxc7 22.Bf3 Bxf3 23.exf3 b5 24.Nc3 Bb4 25.Rc1 Bc5+ 26.Kh1 Be3 27.Rd1
b4 28.Na4 Nb5 29.Rd3 d4 30.Bf8 Rc1+ 31.Kg2 Rc2+ 32.Kh3 a5 33.Bc5 Bg1 34.g4
Rxh2+ 35.Kg3 Rb2 36.Kh4 Be3 37.gxf5 exf5 38.Kg3 Kc6 39.Be7 Nc3 0-1

[Event "6th OHRA Open"]
[Site "Amsterdam NED"]
[Date "1987.08.13"]
[Round "9"]
[White "De Boer, Gert Jan"]
[Black "Romero Holmes, Alfonso"]
[Result "1/2-1/2"]
[WhiteElo "2390"]
[BlackElo "2440"]
[EventDate "1987.08.03"]
[PlyCount "68"]

1.d4 Nf6 2.Nf3 g6 3.c4 Bg7 4.Nc3 O-O 5.e4 d6 6.Be2 Nbd7 7.O-O e5 8.Be3 c6 
9.Qc2 Ng4 10.Bg5 f6 11.Bd2 f5 12.dxe5 Ndxe5 13.Nxe5 Bxe5 14.Bxg4 fxg4 15.
Ne2 Qh4 16.Bf4 Be6 17.Rad1 Rad8 18.b3 Qe7 19.Bxe5 dxe5 20.c5 Rxd1 21.Rxd1 
Rd8 22.Rxd8+ Qxd8 23.g3 h5 24.Kg2 Kf7 25.Qc3 Qd1 26.Qe3 g5 27.Qxg5 Qxe2 
28.Qxh5+ Kf6 29.Qh6+ Kf7 30.Qh7+ Ke8 31.Qh8+ Kd7 32.Qg7+ Ke8 33.Qh8+ Kf7 
34.Qh7+ Kf6 1/2-1/2

[Event "6th OHRA Open"]
[Site "Amsterdam NED"]
[Date "1987.08.13"]
[Round "9"]
[White "Lobron, Eric"]
[Black "Mednis, Edmar John"]
[Result "1/2-1/2"]
[WhiteElo "2530"]
[BlackElo "2445"]
[EventDate "1987.08.03"]
[PlyCount "93"]

1.e4 e6 2.d4 d5 3.Nc3 Bb4 4.e5 c5 5.Bd2 Ne7 6.f4 Nbc6 7.Nb5 Bxd2+ 8.Qxd2 
Nxd4 9.Nxd4 cxd4 10.Nf3 Nc6 11.O-O-O O-O 12.h4 f6 13.Rh3 fxe5 14.fxe5 Qa5 
15.Qxa5 Nxa5 16.Rxd4 Nc6 17.Rd1 Bd7 18.a3 Rf4 19.Bd3 h6 20.Re1 Rg4 21.Re2 
Rf8 22.c3 Be8 23.h5 a6 24.Kd2 Bd7 25.b4 Ne7 26.Nd4 Nc6 27.Nf3 Ne7 28.Ke1 
Rc8 29.Nh2 Rf4 30.Kd2 Bb5 31.Bxb5 axb5 32.Kc2 d4 33.Kb2 Nd5 34.cxd4 Rxd4 
35.Nf3 Rdc4 36.Rd2 Nc3 37.Ne1 Na4+ 38.Kb3 Rc1 39.Nd3 Rb1+ 40.Nb2 Nxb2 41.
Rxb2 Re1 42.Rd2 Rxe5 43.Rd7 Rg5 44.Rxb7 Rc1 45.Rb8+ Kh7 46.Rb6 Rb1+ 47.Kc3
1/2-1/2

[Event "6th OHRA Open"]
[Site "Amsterdam NED"]
[Date "1987.08.13"]
[Round "9"]
[White "Kuijf, Marinus"]
[Black "Van der Sterren, Paul"]
[Result "0-1"]
[WhiteElo "2430"]
[BlackElo "2525"]
[EventDate "1987.08.03"]
[PlyCount "64"]

1.d4 Nf6 2.Nf3 d5 3.c4 e6 4.Nc3 Be7 5.Bg5 h6 6.Bxf6 Bxf6 7.e3 O-O 8.Rc1 c6
9.Bd3 Nd7 10.O-O dxc4 11.Bxc4 e5 12.h3 exd4 13.exd4 Nb6 14.Bb3 Bf5 15.Re1 
Re8 16.Rxe8+ Qxe8 17.Qd2 Qd7 18.Re1 Rd8 19.Re2 Bg6 20.Qe1 Bh5 21.Ne5 Bxe5 
22.Rxe5 Bg6 23.Re7 Qxd4 24.Rxb7 c5 25.Nb5 Qxb2 26.Nxa7 Qf6 27.Rc7 c4 28.
Rc6 Rd6 29.Qe8+ Kh7 30.Bxc4 Nxc4 31.Rxc4 Rd1+ 32.Kh2 Qxf2 0-1

[Event "6th OHRA Open"]
[Site "Amsterdam NED"]
[Date "1987.08.13"]
[Round "9"]
[White "Boersma, Paulus"]
[Black "Peelen, Piet"]
[Result "0-1"]
[WhiteElo "2410"]
[BlackElo "2385"]
[EventDate "1987.08.03"]
[PlyCount "100"]

1.Nf3 Nf6 2.c4 g6 3.Nc3 Bg7 4.e4 d6 5.d4 O-O 6.Be2 e5 7.O-O Nc6 8.d5 Ne7 
9.Bd2 Nh5 10.Rc1 f5 11.exf5 Nxf5 12.c5 Nf4 13.Bxf4 exf4 14.c6 bxc6 15.dxc6
g5 16.h3 Kh8 17.b3 h5 18.Nh2 g4 19.hxg4 Nd4 20.gxh5 Qh4 21.Re1 Rg8 22.Bf1 
Be5 23.Re4 Bh3 24.Ne2 Rxg2+ 25.Bxg2 Rg8 26.Nxf4 Rxg2+ 27.Nxg2 Qxe4 28.f3 
Qe2 29.Nf4 Qe3+ 30.Kh1 Qxf4 31.Rc2 Nxc2 32.Qxc2 Qe3 33.Qg6 Qe1+ 34.Qg1 Qh4
35.Qg6 Qe1+ 36.Qg1 Qxg1+ 37.Kxg1 Bd4+ 38.Kh1 Kg7 39.Ng4 Bxg4 40.fxg4 Kh6 
41.Kg2 Kg5 42.Kf3 d5 43.b4 a6 44.a4 Bc3 45.b5 axb5 46.axb5 Bd4 47.h6 Kxh6 
48.Kf4 Kg6 49.b6 Bxb6 50.Ke5 d4 0-1